Standard and Poor's: (Record no. 1226)

MARC details
000 -LEADER
fixed length control field 00561nam a22001577a 4500
005 - DATE AND TIME OF LATEST TRANSACTION
control field 20240515124536.0
008 - FIXED-LENGTH DATA ELEMENTS--GENERAL INFORMATION
fixed length control field 240515b |||||||| |||| 00| 0 eng d
040 ## - CATALOGING SOURCE
Original cataloging agency KMU
Transcribing agency KMU
Modifying agency KMU
Description conventions rda
110 ## - MAIN ENTRY--CORPORATE NAME
Corporate name or jurisdiction name as entry element United Nations
Subordinate unit United Nations Development Programme
245 ## - TITLE STATEMENT
Title Standard and Poor's:
Remainder of title Sovereign Ratings In Africa September 2006/
Statement of responsibility, etc. United Nations Development programme
260 ## - PUBLICATION, DISTRIBUTION, ETC.
Name of publisher, distributor, etc. McGraw-Hill,
Date of publication, distribution, etc. 2006.
300 ## - PHYSICAL DESCRIPTION
Extent 40 p.:
Other physical details ill.;
Dimensions 28cm
500 ## - GENERAL NOTE
General note Includes Contacts
610 ## - SUBJECT ADDED ENTRY--CORPORATE NAME
Corporate name or jurisdiction name as entry element United Nations
Subordinate unit United Nations Development Programme
942 ## - ADDED ENTRY ELEMENTS (KOHA)
Koha item type Report
Suppress in OPAC No
Source of classification or shelving scheme Dewey Decimal Classification
Holdings
Withdrawn status Lost status Damaged status Not for loan Collection Home library Current library Shelving location Date acquired Source of acquisition Total Checkouts Full call number Barcode Date last seen Price effective from Koha item type
        Non-fiction Kapasa Makasa University Kapasa Makasa University Special Collection 15.05.2024 CBU   UNDP(02)2006/1G B4011 15.05.2024 15.05.2024 Report
        Non-fiction Kapasa Makasa University Kapasa Makasa University Special Collection 15.05.2024 CBU   UNDP(02)2006/1E B4008 15.05.2024 15.05.2024 Report
        Non-fiction Kapasa Makasa University Kapasa Makasa University Special Collection 15.05.2024 CBU   UNDP(02)2006/1F B4010 15.05.2024 15.05.2024 Report
        Non-fiction Kapasa Makasa University Kapasa Makasa University Special Collection 15.05.2024 CBU   UNDP(02)2006/1H B4012 15.05.2024 15.05.2024 Report